Nagaland / (Record no. 25421)
[ view plain ]
| 000 -LEADER | |
|---|---|
| fixed length control field | 00826cam a22002771a 4500 |
| 001 - CONTROL NUMBER | |
| control field | 25421 |
| 003 - CONTROL NUMBER IDENTIFIER | |
| rucl marc code | BD-RjUL |
| 005 - DATE AND TIME OF LATEST TRANSACTION | |
| control field | 20211209050857.0 |
| 008 - FIXED-LENGTH DATA ELEMENTS--GENERAL INFORMATION | |
| fixed length control field | 140318s1961 ii abf 001 0 eng d |
| 035 ## - SYSTEM CONTROL NUMBER | |
| System control number | (BD-RjUL)25491 |
| System control number | (OCoLC)1498959 |
| 040 ## - CATALOGING SOURCE | |
| Original cataloging agency | DLC |
| Transcribing agency | TxFTC |
| Modifying agency | PPiU |
| -- | DLC |
| -- | BD-RjUL |
| Language of cataloging | eng |
| 041 ## - LANGUAGE CODE | |
| Language code of text/sound track or separate title | eng |
| 082 00 - DEWEY DECIMAL CLASSIFICATION NUMBER | |
| Classification number | 915.416 |
| Author mark and year | ELN 1961 |
| 100 1# - MAIN ENTRY--PERSONAL NAME | |
| Personal name | Elwin, Verrier, |
| Dates associated with a name | 1902-1964. |
| 9 (RLIN) | 16666 |
| 245 00 - TITLE STATEMENT | |
| Title | Nagaland / |
| Statement of responsibility, etc. | Verrier Elwin. |
| 250 ## - EDITION STATEMENT | |
| Edition statement | 1st ed. |
| 260 ## - PUBLICATION, DISTRIBUTION, ETC. (IMPRINT) | |
| Place of publication, distribution, etc. | Shillong : |
| Name of publisher, distributor, etc. | [P. Dutta for the Research Dept., Adviser's Secretariat, Shillong], |
| Date of publication, distribution, etc. | 1961. |
| 300 ## - PHYSICAL DESCRIPTION | |
| Pagination | 108 p., [11] p. of plates : |
| Illustrations | ill., maps ; |
| Size | 26 cm. |
| 500 ## - GENERAL NOTE | |
| General note | Maps on lining papers. |
| General note | Includes index. |
| 651 #0 - SUBJECT ADDED ENTRY--GEOGRAPHIC NAME | |
| Geographic name | Nฤgฤland (India) |
| 9 (RLIN) | 78169 |
| 942 ## - ADDED ENTRY ELEMENTS (KOHA) | |
| Source of classification or shelving scheme | Dewey Decimal Classification |
| Koha item type | Books |
| Lost status | Source of classification or shelving scheme | Damaged status | Not for loan | Collection code | Permanent Location | Current Location | Shelving location | Date acquired | Source of acquisition | Cost, normal purchase price | Total Checkouts | Full call number | Date last seen | Copy number | Koha item type |
|---|---|---|---|---|---|---|---|---|---|---|---|---|---|---|---|
| Dewey Decimal Classification | Added to bundle | Non-fiction | Central Library, University of Rajshahi | Central Library, University of Rajshahi | Reading Room | 10/02/1962 | Oriantal Library Rajshahi | 15.90 | 915.416 ELN 1961 | 18/03/2014 | C-1 | Books |